<?xml version="1.0" encoding="UTF-8"?>
<collection xmlns="http://www.loc.gov/MARC21/slim">
  <record>
    <leader>00000nam  2200000   4500</leader>
    <controlfield tag="001">INLIS000000000020593</controlfield>
    <controlfield tag="005">20250723024417</controlfield>
    <datafield tag="035" ind1="#" ind2="#">
      <subfield code="a">0010-0725000123</subfield>
    </datafield>
    <controlfield tag="007">ta</controlfield>
    <controlfield tag="008">250723################|##########|#|##</controlfield>
    <datafield tag="084" ind1="#" ind2="#">
      <subfield code="a">R 0005 PKA 2024</subfield>
    </datafield>
    <datafield tag="100" ind1=" " ind2="#">
      <subfield code="a">Andrie Wahyu Cahyadi</subfield>
    </datafield>
    <datafield tag="245" ind1="1" ind2="#">
      <subfield code="a">Transformasi Tata Kelola BMN yang Akuntabel dan Transparan Melalui Optimalisasi Siklus Pengelolaan Aset /</subfield>
      <subfield code="c">Andrie Wahyu Cahyadi</subfield>
    </datafield>
    <datafield tag="260" ind1="#" ind2="#">
      <subfield code="a">Jakarta :</subfield>
      <subfield code="b">Pusbangkom Pimnas dan Manajerial ASN,</subfield>
      <subfield code="c">2024</subfield>
    </datafield>
    <datafield tag="300" ind1="#" ind2="#">
      <subfield code="a">22 hlm. ;</subfield>
      <subfield code="c">30 cm</subfield>
    </datafield>
    <datafield tag="650" ind1="#" ind2="4">
      <subfield code="a">Siklus Pengelolaan Aset</subfield>
    </datafield>
    <datafield tag="520" ind1="#" ind2="#">
      <subfield code="a">Transformasi tata kelola BMN di Komnas HAM bertujuan untuk meningkatkan transparansi, akuntabilitas, dan efisiensi pengelolaan aset negara sesuai standar nasional. Rangkaian langkah strategis, seperti pembaran SOP, peningkatan kompetensi SDM, dan penerapan teknologi monitoring, dirancang untuk mengatasi tantangan utama: SOP yang usang, perencanaan pengadaan yang tidak optimal, serta keterbatasan kompetensi SDM.</subfield>
    </datafield>
    <datafield tag="990" ind1="#" ind2="#">
      <subfield code="a">2024/1.2.3/A/0005</subfield>
    </datafield>
  </record>
</collection>
